000
00277nam a22001217a 4500
020
_a
9781474836050
040
_c
NUST
082
_a
741.018 ART
245
_a
Art Therapy Colouring Book
260
_a
BATH:
_b
Parragon Books,
_c
2016.
650
_a
Art Therapy
942
_2
ddc
_c
BK
999
_c
593616
_d
593616